Marco normativo para la protección y salvaguardia del patrimonio cultural (Registro nro. 303213)
[ vista simple ]
| 000 -ENCABEZADO | |
|---|---|
| Número de control [NR] | 00909 a2200241 4500 |
| 005 - FECHA Y HORA DE LA ÚLTIMA TRANSACCIÓN | |
| control field | 20160425114022.0 |
| 008 - DE LONGITUD FIJA DE DATOS DE ELEMENTOS - INFORMACIÓN GENERAL | |
| Elementos de longitud fija [NR] | 160425s2016 ck ||||fr|||| 000 0 spa d |
| 020 ## - NUMERO INTERNACIONAL NORMALIZADO PARA LIBROS [R] | |
| Número Internacional Normalizado del libro [NR] | 9789589283110 |
| 040 ## - FUENTE DE CATALOGACION [NR] | |
| Agencia de catalogación original [NR] | CO-BoUCM |
| Idioma de catalogación [NR] | spa |
| Quien Cataloga | Saul Niño |
| Quien Clasifica | Saul Niño |
| 041 0# - CODIGO DE IDIOMA [R] | |
| Código de idioma para texto/pista de sonido o título separado [R] | Español |
| 110 2# - ASIENTO PRINCIPAL--NOMBRE CORPORATIVO [NR] | |
| Nombre corporativo o de jurisdicción como elemento de entrada [NR] | Parlamento Andino |
| ID de autoridad | 4531 |
| 245 10 - MENCION DE TITULO [NR] | |
| Título [NR] | Marco normativo para la protección y salvaguardia del patrimonio cultural |
| Mención de responsabilidad, etc. [NR] | Parlamento Andino |
| 260 ## - PUBLICACION, DISTRIBUCION, ETC. (PIE DE IMPRENTA) [R] | |
| Nombre del editor, distribuidor, etc. [R] | Parlamento Andino |
| Fecha de publicación, distribución, etc. [R] | 2016 |
| Lugar de publicación, distribución, etc. [R] | Bogotá (Colombia) |
| 300 ## - DESCRIPCION FISICA [R] | |
| Extensión [R] | 51 páginas |
| 490 0# - MENCION DE SERIE [R] | |
| Mención de serie [R] | Marcos normativos |
| Designación numérica/secuencial del volumen [NR] | 4 |
| 650 #7 - ASIENTO SECUNDARIO DE MATERIA - TERMINO TEMATICO [R] | |
| 9 (RLIN) | 12417 |
| Término temático o nombre geográfico como elemento de entrada [NR] | Culturas nacionales |
| Subdivisión general [R] | Protección |
| Subdivisión geográfica [R] | Colombia |
| 650 #7 - ASIENTO SECUNDARIO DE MATERIA - TERMINO TEMATICO [R] | |
| 9 (RLIN) | 18345 |
| Término temático o nombre geográfico como elemento de entrada [NR] | Legislación social |
| Subdivisión geográfica [R] | Colombia |
| 650 #7 - ASIENTO SECUNDARIO DE MATERIA - TERMINO TEMATICO [R] | |
| 9 (RLIN) | 19747 |
| Término temático o nombre geográfico como elemento de entrada [NR] | Monumentos históricos |
| Subdivisión general [R] | Conservación y restauración |
| Subdivisión geográfica [R] | Colombia |
| 650 #7 - ASIENTO SECUNDARIO DE MATERIA - TERMINO TEMATICO [R] | |
| 9 (RLIN) | 7901 |
| Término temático o nombre geográfico como elemento de entrada [NR] | Patrimonio cultural |
| 690 #0 - ASUNTO AGREGADO LOCAL DE ENTRADA - TÉRMINO TEMÁTICO (OCLC, RLIN) | |
| Acceso temático local | Derecho social |
| 9 (RLIN) | 12830 |
| 942 ## - ELEMENTOS DE ENTRADA AGREGADOS (KOHA) | |
| Tipo de ítem principal el descrito en 300a | Libro |
| Sistema de clasificación | DEWEY |
| Tema principal | Derecho |
| Edición | 1 |
| Clasificación | 344.094 |
| Parte restante de la signatura top. | P252an |
| Fecha de último préstamo | Total préstamos | Total Renewals | Signatura topográfica | Código de barras | Última vez visto | Ejemplar | Costo de reposición | Price effective from | Tipo de ítem | Perdido | Sistema de clasificación | Dañado | No prestable | Tipo de ítem específico | Suprimido | Ubicación habitual | Ubicación actual | Localización | Fecha de creación | Proveedor | Forma de adquisición | Costo |
|---|---|---|---|---|---|---|---|---|---|---|---|---|---|---|---|---|---|---|---|---|---|---|
| 11/05/2018 | 3 | 3 | 344.094 P252an | 100149013 | 06/06/2024 | Ej.1 | 26000.00 | 13/04/2016 | Libro | DEWEY | Libro | Bodega | Bodega | 3er piso | 13/04/2016 | 12 | Donación | 0.00 |